000 00783nam a2200193Ii 4500
003 JO-AjNU
008 230605s9999||||xx |||||||||||||| ||und||
040 _aJO-AjNU
_bara
_erda
_cJO-AjNU
041 _aara
050 1 4 _aHG1607.A7.S2288 1978
100 3 _aالصبان، محمد سمير / م.مشارك: السيد عبد المقصود بيان,
_eauthor
_918962
245 0 0 _aدراسات في محاسبة المنشآت المالية : بنوك تجارية - شركات التأمين - بنوك عقارية
264 3 1 _aالاسكندرية: مؤسسة شباب الجامعة،1978
300 _a138ص
336 _atext
_btxt
_2rdacontent
337 _aunmediated
_bn
_2rdamedia
338 _avolume
_bnc
_2rdacarrier
650 4 _aالمحاسبة - البنوك
_918963
999 _aA6162
_c9730
_d9730